Sauras‑tu reconnaître les vraies expressions françaises ? Mort Subite - Statistiques

Statistiques générales
  • Ce quiz a été pris 113 fois
  • Le résultat moyen est 4 sur 11
Answers on the Grid
Answers color-coded by a green-red scale on the quiz's grid according to % correct below.
À tire-larigot
Avoir la berlue
Avoir la clé d’une porte fermée à double tour
Avoir le pied dans deux sabots
Avoir voix au chapitre
Battre la breloque
Caresser le fil de la lune
Compter les étoiles sur un tabouret
Être en délicatesse avec quelqu’un
Être ferré sur quelque chose
Faire flèche de tout bois
Faire tourner la roue sans charrette
Jeter son dévolu sur
Mettre les bouts
Mordre la page blanche
Pousser la tomate à reculons
Prendre la pluie avant l’orage
Se casser le chou
Tirer la ficelle trop courte
Tomber en quenouille
Tresser les ombres du matin
 
Statistiques - réponses
Réponse % Correct
À tire-larigot
87%
Jeter son dévolu sur
62%
Avoir la berlue
53%
Avoir voix au chapitre
35%
Mettre les bouts
31%
Être en délicatesse avec quelqu’un
22%
Faire flèche de tout bois
20%
Se casser le chou
20%
Battre la breloque
19%
Tomber en quenouille
16%
Être ferré sur quelque chose
13%
Aucun quiz correspondant
Distribution des résultats
% des personnes avec chaque résultat
Percentile par nombre de réponses
Votre historique - résultats
Vous n’avez pas pris ce quiz